000 01054nam a2200277 u 4500
001 000033497
005 20250924073803.0
008 100813s1970 dr r 000 p spa d
040 _aDO-SdBNP
_bspa
_cBNPHU
082 _aRD861.44
_bA958ca
100 1 _aAvilés Blonda, Máximo,
_d1931-1988
_97914
245 1 0 _aCantos a Elena ; Centro del mundo /
_cMáximo Avilés Blonda.
246 1 3 _aCentro del mundo
_bDescubrimiento del mar
260 _aSanto Domingo :
_bUASD,
_c1970.
300 _a130 p. ;
_c19 cm.
490 1 _aPublicaciones de la Universidad Autónoma de Santo Domingo
_v149
490 1 _aBrigada Universitaria
_v5
563 _aDos obras encuadernadas juntas con paginación continua.
650 0 _aPoesía dominicana
_966
650 0 _aLiteratura dominicana.
_967
710 1 2 _aUniversidad Autónoma de Santo Domingo
_972951
740 0 2 _aCentro del mundo
830 _aPublicaciones de la Universidad Autónoma de Santo Domingo
_v149
_952
830 0 _aBrigada Universitaria ;
_n5
_924362
910 _aValidado. Control de calidad MFF
999 _c32988
_d32988